[Event "Bundesliga 9900"]
[Site "Germany"]
[Date "1999.11.06"]
[Round "3"]
[White "Bunzmann, Dimitrij"]
[Black "Nikolic, Predrag"]
[Result "0-1"]
[WhiteElo "2596"]
[BlackElo "2641"]

1.e4 d6 2.d4 Nf6 3.Nc3 g6 4.Be3 Bg7 5.Qd2 c6 6.Bh6 Bxh6 7.Qxh6 Qa5 8.Bd3 c5
9.Ne2 cxd4 10.Nxd4 Nc6 11.Nb3 Qb6 12.Nd5 Nxd5 13.Qg7 Rf8 14.exd5 Ne5 15.O-O h5
16.Kh1 Bd7 17.f4 Ng4 18.h3 Ne3 19.Rfe1 Nxd5 20.Bxg6 Nxf4 21.Bxh5 Nxh5 22.Qg5 O-O-O
23.Qxh5 Rh8 24.Qxf7 Rdg8 25.Kh2 Kb8 26.Re2 Bg4 27.Rf2 Qe3 28.Qf4 Bxh3  0-1

[Event "Eu Team Ch"]
[Site "Batumi GEO"]
[Date "1999.11.30"]
[Round "2"]
[White "Nikolic,Pr"]
[Black "Van Wely,L"]
[Result "1/2-1/2"]
[WhiteElo "2641"]
[BlackElo "2629"]

1.d4 d5 2.c4 c6 3.Nc3 Nf6 4.Nf3 dxc4 5.a4 Bf5 6.e3 e6 7.Bxc4 Bb4 8.O-O Nbd7
9.Qe2 Bg6 10.Ne1 O-O 11.Nd3 Bd6 12.e4 e5 13.dxe5 Nxe5 14.Nxe5 Bxe5 15.f3 Qc7
16.g3 Kh8 17.Be3 Nd7 18.Rfd1 Rad8 19.a5 f5 20.Bxa7 fxe4 21.Nxe4 Bxe4 22.fxe4 b5
23.axb6 Nxb6 24.Kg2 Nxc4 25.Qxc4 Bxb2  1/2-1/2

[Event "Eu Team Ch"]
[Site "Batumi GEO"]
[Date "1999.12.04"]
[Round "5"]
[White "Nikolic,Pr"]
[Black "Kacheishvili,G"]
[Result "1/2-1/2"]
[WhiteElo "2641"]
[BlackElo "2577"]

1.d4 Nf6 2.c4 e6 3.Nf3 d5 4.Nc3 Bb4 5.Bg5 h6 6.Bxf6 Qxf6 7.e3 O-O 8.Rc1 dxc4
9.Bxc4 c5 10.O-O cxd4 11.Nxd4 Bd7 12.Qb3 Nc6 13.Nce2 Nxd4 14.Nxd4 Qe7 15.Bd3 b6
16.Bb5 Bc5 17.Bxd7 Qxd7 18.Nf3 Rfd8 19.Rfd1  1/2-1/2

[Event "Eu Team Ch"]
[Site "Batumi GEO"]
[Date "1999.12.05"]
[Round "6"]
[White "Mikhalchishin,A"]
[Black "Nikolic,Pr"]
[Result "1/2-1/2"]
[WhiteElo "2552"]
[BlackElo "2641"]

1.Nf3 Nf6 2.c4 e6 3.d4 Bb4+ 4.Nbd2 b6 5.e3 Bb7 6.Bd3 O-O 7.O-O d5 8.a3 Bxd2
9.Bxd2 dxc4 10.Bxc4 Ne4 11.Bb4 Re8 12.Bb5 c6 13.Bd3  1/2-1/2

[Event "Eu Team Ch"]
[Site "Batumi GEO"]
[Date "1999.12.07"]
[Round "8"]
[White "Nikolic,Pr"]
[Black "Hracek,Z"]
[Result "1-0"]
[WhiteElo "2641"]
[BlackElo "2629"]

1.d4 Nf6 2.c4 e6 3.Nf3 c5 4.d5 exd5 5.cxd5 d6 6.Nc3 g6 7.g3 Bg7 8.Bg2 O-O
9.O-O Re8 10.Bf4 a6 11.a4 Ne4 12.Nxe4 Rxe4 13.Nd2 Rb4 14.Ra2 Qe7 15.b3 g5
16.Be3 Bd4 17.Bxd4 Rxd4 18.e3 Rb4 19.Nc4 Nd7 20.f4 Rb8 21.Qd3 g4 22.Rd1 Nf8
23.Qc3 Bd7 24.e4 b5 25.axb5 axb5 26.Ne3 Rxe4 27.Bxe4 Qxe4 28.Re1 Re8 29.Qf6 Qg6
30.Qxg6+ hxg6 31.Ra6 c4 32.b4 Kg7 33.Kf2 Nh7 34.Nd1 Rh8 35.Nc3 Nf6 36.Kg1 Rd8
37.Re2 Bf5 38.Ra5 Rb8 39.Kf2 Bd3 40.Re7 Ng8 41.Rea7 Bc2  1-0

[Event "Eu Team Ch"]
[Site "Batumi GEO"]
[Date "1999.12.07"]
[Round "9"]
[White "Nikolic,Pr"]
[Black "Efimov,I"]
[Result "1/2-1/2"]
[WhiteElo "2641"]
[BlackElo "2445"]

1.d4 Nf6 2.c4 e6 3.Nf3 a6 4.g3 c5 5.Bg2 cxd4 6.O-O Qc7 7.Qxd4 Nc6 8.Qd1 Be7
9.Bf4 d6 10.Nc3 Ne5 11.Rc1 Ng6 12.Be3 Bd7 13.Qb3 O-O 14.Rfd1 Rac8 15.Nd2 Ng4
16.Bb6 Qb8 17.a4 Bc6 18.a5 Bxg2 19.Kxg2 Nf6 20.Nf3 Nd7 21.Na4 Nge5 22.Nxe5 Nxe5
23.Bd4 Nc6 24.Bc3 Bd8 25.Nb6 Bxb6 26.Qxb6 Rfd8 27.b4 Ne7 28.Bb2 Qc7 29.Qxc7 Rxc7
30.b5 f6 31.Ba3 Rcd7 32.Rb1 axb5 33.cxb5 Nd5 34.Rdc1 f5 35.a6 bxa6 36.bxa6 Ra7
37.Rc6 Rda8 38.Bxd6 Rxa6 39.Rxa6 Rxa6 40.Rb8+ Kf7 41.Rb7+ Kg8 42.Be5 Nf6
43.Re7 Rc6 44.f3 Ra6 45.Kf2 Rc6 46.h3 h5 47.Ke1 Ra6 48.Kd2 Ra2+ 49.Kd1 Ra6
50.Kc1 Kf8 51.Rb7 Ra8 52.Bb8 Nd7 53.Bd6+ Ke8 54.Kd2 Ra6 55.Bf4 e5 56.Bg5 Rd6+
57.Ke1 Kf7 58.h4 Kg6 59.Rb5 Re6 60.Kf2 Nf6 61.Rc5  1/2-1/2

[Event "Bundesliga 1999-2000"]
[Site "Hamburg GER"]
[Date "1999.12.11"]
[Round "5"]
[White "Mueller,Ka"]
[Black "Nikolic,Pr"]
[Result "0-1"]
[WhiteElo "2533"]
[BlackElo "2641"]

1.e4 d6 2.d4 Nf6 3.Nc3 g6 4.g3 Bg7 5.Bg2 O-O 6.Nge2 e5 7.h3 c6 8.O-O b5 9.a3 Bb7
10.Be3 Nbd7 11.g4 Nb6 12.dxe5 dxe5 13.b3 Qe7 14.Ng3 Rfd8 15.Qe2 Nbd7 16.Kh2 Nf8
17.g5 N6d7 18.Qg4 Ne6 19.Nf5 gxf5 20.exf5 Nf4 21.Be4 f6 22.h4 Kh8 23.Rg1 Nd5
24.Bd2 Nxc3 25.Bxc3 Nb6 26.f4 Nd5 27.Bxd5 Rxd5 28.Rae1 Qc5 29.gxf6 Bxf6 30.Qg3 Re8
31.Kh1 Qe7 32.fxe5 Rxe5 33.Rxe5 c5+ 34.Kh2 Qxe5 35.Bxe5 Bxe5 36.f6 Bxg3+
37.Rxg3 Rf8 38.Rg7 Be4  0-1

[Event "Corus"]
[Site "Wijk aan Zee NED"]
[Date "2000.01.15"]
[Round "1"]
[White "Nikolic,Pr"]
[Black "Short,N"]
[Result "1/2-1/2"]
[WhiteElo "2659"]
[BlackElo "2683"]

1.d4 Nf6 2.c4 e6 3.Nf3 d5 4.Nc3 Be7 5.Bg5 h6 6.Bh4 O-O 7.e3 b6 8.Be2 Bb7
9.Bxf6 Bxf6 10.cxd5 exd5 11.O-O c6 12.Qc2 Re8 13.Rad1 Na6 14.Rfe1 g6 15.Bxa6 Bxa6
16.e4 Bg7 17.exd5 Rxe1+ 18.Rxe1 cxd5 19.Ne5 Bb7 20.Re3 Qc7 21.Nf3 Bf6 22.h4 h5
23.g3 Kg7 24.Qd2 a6 25.Ne2 Rc8 26.Rc3 Qe7 27.Nf4 Rxc3 28.Qxc3 Qe4 29.Ng5 Qe7
30.b4 Qd6 31.a3 Bc6 32.Qd3 Be8 33.Qxa6 Bxd4 34.Qb7 Kg8 35.Qxd5  1/2-1/2

[Event "Corus"]
[Site "Wijk aan Zee NED"]
[Date "2000.01.16"]
[Round "2"]
[White "Anand,V"]
[Black "Nikolic,Pr"]
[Result "1-0"]
[WhiteElo "2769"]
[BlackElo "2659"]

1.d4 f5 2.g3 Nf6 3.Bg2 e6 4.c4 d5 5.Nh3 c6 6.O-O Bd6 7.Qc2 O-O 8.Nd2 Bd7
9.Nf3 Be8 10.Bf4 h6 11.Qb3 b6 12.Rfc1 Be7 13.cxd5 Nxd5 14.Bd2 g5 15.Ne5 a5
16.e4 fxe4 17.Bxe4 Ra7 18.f4 gxf4 19.Kh1 Bf6 20.Nxf4 Qd6 21.Nfg6 Bxg6 22.Nxg6 Rff7
23.Bf4 Nxf4 24.gxf4 Bg7 25.Qh3 Rf6 26.Rc3 Qxd4 27.Qg2 Rd7 28.Rg1 b5 29.Rg3 Qa7
30.Ne5 Re7 31.Qd2 Qc7 32.Rd3 Re8 33.Rd6 c5 34.Ng4 Rff8 35.Nxh6+ Kh8 36.Ng4 Rd8
37.Qg2 Rxd6 38.Qh3+ Kg8 39.Qh7+ Kf7 40.Bg6+  1-0

[Event "Corus"]
[Site "Wijk aan Zee NED"]
[Date "2000.01.19"]
[Round "4"]
[White "Timman,J"]
[Black "Nikolic,Pr"]
[Result "1/2-1/2"]
[WhiteElo "2655"]
[BlackElo "2659"]

1.d4 Nf6 2.c4 e6 3.Nc3 Bb4 4.Qc2 O-O 5.a3 Bxc3+ 6.Qxc3 d6 7.f3 Nh5 8.g4 Qh4+
9.Kd1 Nf6 10.Nh3 h6 11.g5 e5 12.gxf6 Bxh3 13.fxg7 Re8 14.Bxh3 Qxh3 15.Qe3 Nd7
16.d5 Kxg7 17.Bd2 Kh7 18.Kc2 Rg8 19.Rhg1 a6 20.b4 Rg6 21.Qd3 Rg8 22.Rg3 Qh5
23.f4 f5 24.Rh3 Qg4 25.Rg3 Qh5 26.Rh3 Qg4 27.Rg3 Qh5  1/2-1/2

[Event "Corus"]
[Site "Wijk aan Zee NED"]
[Date "2000.01.20"]
[Round "5"]
[White "Nikolic,Pr"]
[Black "Piket,Je"]
[Result "1-0"]
[WhiteElo "2659"]
[BlackElo "2633"]

1.d4 Nf6 2.c4 e6 3.Nf3 d5 4.Bg5 Be7 5.Nc3 Nbd7 6.e3 O-O 7.Qc2 c5 8.cxd5 Nxd5
9.Bxe7 Qxe7 10.Nxd5 exd5 11.Bd3 g6 12.dxc5 Nxc5 13.O-O Bg4 14.Nd4 Rfc8 15.Rfc1 Bd7
16.Qd2 Qf6 17.Be2 Ne6 18.Nf3 Bc6 19.Rc3 Rd8 20.Rd1 d4 21.Nxd4 Nxd4 22.exd4 Rd6
23.Bf3 Bd5 24.Bxd5 Rxd5 25.Rc5 Rad8 26.Rxd5 Rxd5 27.Qb4 b6 28.h3 Kg7 29.a3 h5
30.Rd3 Qc6 31.Qd2 Qf6 32.Qc3 Qf4 33.Qe1 Qf6 34.Qe4 Qd6 35.h4 Qd7 36.g3 Qd6
37.Qe1 Qf6 38.Qc3 Kg8 39.Qc4 Qd6 40.Rf3 Kg7 41.Qc3 Kf8 42.Qc8+ Kg7 43.Rf4 f5
44.Rf3 Rxd4 45.Rc3 Re4 46.Qc7+ Qe7 47.b4 Qf7 48.Qd8 Re8 49.Qd4+ Kh7 50.Rc6 Re7
51.b5 Qg7 52.Qb4 Qe5 53.a4 Rf7 54.Qc4 Kg7 55.Re6 Qc7 56.Qd4+ Kh7 57.Re8 Rg7
58.Qd5 Qb7 59.Qd8 Rf7 60.Rh8+ Kg7 61.Qd4+  1-0

[Event "Corus"]
[Site "Wijk aan Zee NED"]
[Date "2000.01.23"]
[Round "7"]
[White "Kramnik,V"]
[Black "Nikolic,Pr"]
[Result "1/2-1/2"]
[WhiteElo "2758"]
[BlackElo "2659"]

1.Nf3 Nf6 2.d4 d5 3.c4 e6 4.Nc3 Nbd7 5.cxd5 exd5 6.Bg5 Be7 7.e3 c6 8.Bd3 Ne4
9.Bf4 f5 10.O-O O-O 11.h3 Re8 12.Qc2 Nf8 13.Ne5 Bg5 14.Bxg5 Qxg5 15.f4 Qe7
16.Bxe4 dxe4 17.Rfd1 Be6 18.d5 cxd5 19.Nxd5 Qh4 20.Qf2 Qxf2+ 21.Kxf2  1/2-1/2

[Event "Corus"]
[Site "Wijk aan Zee NED"]
[Date "2000.01.24"]
[Round "8"]
[White "Nikolic,Pr"]
[Black "Polgar,Ju"]
[Result "1/2-1/2"]
[WhiteElo "2659"]
[BlackElo "2658"]

1.d4 Nf6 2.Nf3 g6 3.g3 Bg7 4.Bg2 O-O 5.c4 d6 6.O-O Nc6 7.Nc3 a6 8.e4 Bg4
9.Be3 Nd7 10.Qd2 Bxf3 11.Bxf3 e5 12.d5 Nd4 13.Bg2 c5 14.dxc6 bxc6 15.b4 Rc8
16.Rfc1 Qe7 17.Rab1 Qe6 18.Qd3 Nb6 19.Bxd4 exd4 20.Ne2 c5 21.Nf4 Qe5 22.Qa3 cxb4
23.Rxb4 Nd7 24.Bh3 Rcd8 25.Bxd7 Rxd7 26.Re1 Bh6 27.Nd3 Qe6 28.Rb6 Qxc4 29.Qxa6 Qc2
30.Rb2 Qc3 31.Rb3 Qc7 32.Nb4 Qa7 33.Qd3 Bg7 34.Rc1 Qa5 35.Rc6 h5 36.Ra6 Qc5
37.Rc6 Qa5 38.h4 Kh7 39.Qc4 f5 40.Qd5 Qd8 41.Nd3 Qe7 42.exf5 Rxf5 43.Qc4 Rf3
44.Rc8 Qf6 45.Rc7 Rxc7 46.Qxc7 Qf5 47.Rb7 Qf6 48.Qc2 Qf5 49.Qc7 Qf6 50.Rb3 Qf5
51.Qc4 g5 52.hxg5 Qxg5 53.Ne1 Rc3 54.Qe2 Rc1 55.Kg2 Qd5+ 56.Rf3 Rc3 57.Nd3 Be5
58.a4 h4 59.g4 Kg7 60.Ne1 Rc1 61.Qd2 Rxe1 62.Qg5+ Kh7 63.Qxh4+ Kg7 64.Qg5+ Kh7
65.Qf5+ Kg7 66.g5 Qe4 67.Qf8+ Kh7 68.Qf7+ Kh8 69.Qh5+ Kg7 70.Qh6+ Kg8 71.Qe6+ Kg7
72.Qh6+  1/2-1/2

[Event "Corus"]
[Site "Wijk aan Zee NED"]
[Date "2000.01.28"]
[Round "11"]
[White "Van Wely,L"]
[Black "Nikolic,Pr"]
[Result "1/2-1/2"]
[WhiteElo "2646"]
[BlackElo "2659"]

1.d4 Nf6 2.c4 e6 3.Nc3 Bb4 4.Qc2 O-O 5.a3 Bxc3+ 6.Qxc3 b5 7.cxb5 c6 8.e3 cxb5
9.Bxb5 Ne4 10.Qb3 Qg5 11.Bf1 Nc6 12.Qc2 f5 13.Nh3 Qd8 14.b4 Bb7 15.f3 Rc8
16.Qb2 Nd6 17.Bd3 Qb6 18.O-O Ba6 19.Bxa6 Qxa6 20.a4 Qb6 21.Rb1 Ne7 22.Nf4 Rc4
23.Bd2 Rfc8 24.Rfc1 Nd5 25.Nxd5 exd5 26.b5 f4 27.exf4 Rxa4 28.Rxc8+ Nxc8
29.Be3 Nd6 30.Qb3 Rc4 31.g4 h5 32.h3 Qa5 33.Kf2 h4 34.Kg2 Kh8 35.Bf2 Qd2
36.b6 axb6 37.Qxb6 Nf7 38.Qg6 Qxf4 39.Re1 Rc8 40.Re7 Kg8 41.Bxh4 Ra8 42.Qd3 Nd6
43.Bg3 Qf6 44.Bxd6 Qxd6 45.Re5 Qb8 46.h4 Qb2+ 47.Re2 Qb6 48.h5 Qf6 49.Kg3 d6
50.Qe3 Qf7 51.Qe6 Ra3 52.Qxf7+ Kxf7 53.Kf4 Rd3 54.Ra2 Rxd4+ 55.Kf5 Rd3 56.Ra7+ Kf8
57.f4 Re3 58.Rd7 d4 59.Rxd6 d3 60.g5 Kf7 61.h6 gxh6 62.Rxh6 d2 63.Rd6 Re2
64.Kg4 Ke7 65.Rd3 Ke6 66.Kf3 Rh2 67.Ke3 Kf5 68.Rd5+ Kg4 69.Rxd2 Rh1 70.Rg2+ Kf5
71.g6 Rh8 72.g7 Rg8 73.Rg5+ Kf6 74.Ke4 Re8+ 75.Kf3 Kf7 76.Kg4 Ra8 77.Kh5 Kg8
78.Rg6 Ra1 79.Rg4 Rh1+ 80.Kg6 Rh4 81.Kf5 Rh6 82.Ke5 Ra6 83.Rg5 Ra5+ 84.Kf6 Ra6+
85.Kf5 Ra5+ 86.Kg4 Ra4 87.Rg6 Ra1 88.Kf3 Ra3+ 89.Ke4 Ra4+ 90.Kf5 Ra5+ 91.Kg4 Ra1
92.f5 Rg1+ 93.Kh5 Rxg6 94.Kxg6  1/2-1/2

[Event "Blitz Chess Marathon"]
[Site "Dordrecht NED"]
[Date "2000.02.12"]
[Round "7.2"]
[White "Timman,J"]
[Black "Nikolic,Pr"]
[Result "1-0"]
[WhiteElo "2655"]
[BlackElo "2659"]

1.e4 e6 2.d4 d5 3.e5 c5 4.c3 Bd7 5.Nf3 Qb6 6.Be2 Nh6 7.O-O Nf5 8.Bd3 Be7
9.dxc5 Bxc5 10.b4 Be7 11.Bg5 Nc6 12.Bxf5 exf5 13.Bxe7 Nxe7 14.Nbd2 Rc8 15.Rc1 O-O
16.Nb3 Ba4 17.Qd2 Bxb3 18.axb3 a5 19.bxa5 Qxb3 20.Nd4 Qa4 21.Ra1 Qd7 22.Rfe1 Nc6
23.e6 fxe6 24.Nxe6 Rf7 25.Nf4 d4 26.Red1 Rd8 27.Qe2 Qd6 28.g3 g5 29.Nh5 d3
30.Qe3 Qg6 31.g4 fxg4 32.Ng3 Re7 33.Qc5 Qf6 34.a6 bxa6 35.Rxa6 d2 36.Nf1 Re6
37.Rxd2 Rxd2 38.Nxd2 Ne5 39.Qd5 Kf7 40.Ne4 Nf3+ 41.Kh1 Qe5 42.Qd7+ Re7 43.Nd6+ Kf8
44.Ra8+ Kg7 45.Qxe7+ Qxe7 46.Nf5+ Kf6 47.Nxe7 Kxe7 48.Ra7+ Kf6 49.Rxh7 Nd2
50.Kg2 Kf5 51.Rc7 Kf4 52.c4 Ke5 53.Rg7 Kf6 54.Rc7 Ke5 55.c5 Ne4 56.c6 Kd6
57.Rc8 Kc5 58.c7 Kc6 59.Re8 Nd6 60.c8=Q+  1-0

[Event "Blitz Chess Marathon"]
[Site "Dordrecht NED"]
[Date "2000.02.12"]
[Round "7.1"]
[White "Nikolic,Pr"]
[Black "Timman,J"]
[Result "1/2-1/2"]
[WhiteElo "2659"]
[BlackElo "2655"]

1.d4 Nf6 2.Nf3 g6 3.c4 Bg7 4.g3 c6 5.Bg2 d5 6.Nbd2 O-O 7.O-O Bf5 8.b3 Ne4
9.Bb2 Qa5 10.Nxe4 Bg4 11.Ned2 Bxf3 12.Nxf3  1/2-1/2

[Event "Bundesliga 1999-2000"]
[Site "Wattenschied GER"]
[Date "2000.02.19"]
[Round "10"]
[White "King,D"]
[Black "Nikolic,Pr"]
[Result "1-0"]
[WhiteElo "2514"]
[BlackElo "2659"]

1.e4 e5 2.Nf3 Nc6 3.Bb5 a6 4.Ba4 Nf6 5.O-O Be7 6.Re1 b5 7.Bb3 d6 8.c3 O-O
9.d4 Bg4 10.d5 Na5 11.Bc2 c6 12.h3 Bxf3 13.Qxf3 cxd5 14.exd5 Nc4 15.Nd2 Nb6
16.Nf1 Qc7 17.Ng3 g6 18.Bh6 Rfc8 19.h4 Qd7 20.Bf5 gxf5 21.Nxf5 Rc4 22.b3 Rg4
23.Bg5 Rxg5 24.hxg5 Nfxd5 25.c4 Nb4 26.c5 dxc5 27.Rxe5 Bf8 28.Nh6+ Kh8 29.Rd1 N4d5
30.Rdxd5 Nxd5 31.Rxd5 Qc6 32.Nxf7+ Kg8 33.Nh6+ Kh8 34.Nf7+ Kg8 35.Ne5 Qe6
36.Ng4 Rc8 37.Nf6+ Kh8 38.Rd7 Bg7 39.Qd3  1-0

[Event "Bundesliga 1999-2000"]
[Site "Wattenschied GER"]
[Date "2000.02.20"]
[Round "11"]
[White "Nikolic,Pr"]
[Black "Kengis,E"]
[Result "1/2-1/2"]
[WhiteElo "2659"]
[BlackElo "2574"]

1.d4 e6 2.c4 b6 3.a3 g6 4.Nc3 Bg7 5.Nf3 Ne7 6.g3 Bb7 7.Bg2 O-O 8.O-O d5 9.cxd5 Nxd5
10.Bg5 Nxc3 11.bxc3 Qc8 12.Re1 Be4 13.Qd2 Nd7 14.Qf4 f5 15.Bh6 Bxh6 16.Qxh6 Nf6
17.Bh3 c5 18.Ng5 cxd4 19.cxd4 Qd7 20.Rad1 Bd5 21.Rd2 Ne4 22.Nxe4 fxe4 23.f3 exf3
24.e4 Qf7 25.Rf2 Bc4 26.Rc1 b5 27.Bg4 Qf6 28.Qe3 Rad8 29.e5 Qe7 30.Rxf3 Rxf3
31.Bxf3 Qd7 32.Rd1  1/2-1/2

[Event "Bundesliga 1999-2000"]
[Site "Wattenscheid GER"]
[Date "2000.03.12"]
[Round "12"]
[White "Pelletier,Y"]
[Black "Nikolic,Pr"]
[Result "1/2-1/2"]
[WhiteElo "2478"]
[BlackElo "2659"]

1.Nf3 Nf6 2.c4 e6 3.g3 a6 4.Bg2 b5 5.b3 c5 6.Nc3 Qa5 7.e4 d6 8.e5 Nfd7 9.exd6 Bxd6
10.Qe2 bxc4 11.Bb2 O-O 12.Ng5 Ra7 13.bxc4 h6 14.Qd3 hxg5 15.Qxd6 Bb7 16.O-O Bxg2
17.Kxg2 Qb4 18.Rab1 Qxc4 19.Rfe1 Qg4 20.Ne4 Rc8 21.Qe7 Nc6 22.Qxg5 Qxg5 23.Nxg5 Nb4
24.a3 Nd3 25.Re3 c4 26.Bc3 Rac7 27.h4 Rc6 28.Nf3 Rb6 29.Rxb6 Nxb6 30.Ne5 Nd5
31.Re4 Nxc3 32.dxc3 Nb2 33.Rd4 f6 34.Ng6 Kf7 35.h5 Rc7 36.f4 Ke8 37.Rd6 Na4
38.Rxe6+ Kf7 39.Re3 Nb6 40.f5 Nd5 41.Re6 Nxc3 42.Nh8+ Kf8 43.Ng6+ Kf7 44.Nh8+  1/2-1/2

[Event "Amber Blindfold"]
[Site "Monaco MNC"]
[Date "2000.03.16"]
[Round "1"]
[White "Nikolic,Pr"]
[Black "Gelfand,B"]
[Result "1/2-1/2"]
[WhiteElo "2659"]
[BlackElo "2692"]

1.d4 Nf6 2.c4 e6 3.Nf3 d5 4.Nc3 dxc4 5.e4 Bb4 6.Bg5 c5 7.Bxc4 cxd4 8.Nxd4 Bxc3+
9.bxc3 Qa5 10.Bxf6 Qxc3+ 11.Kf1 gxf6 12.Bb5+ Ke7 13.Rc1 Qa5 14.e5 fxe5 15.Qh5 Nd7
16.Qg5+ Kf8 17.Rxc8+ Rxc8 18.Bxd7 Qd8 19.Nxe6+ fxe6 20.Qh6+ Ke7 21.Qxe6+ Kf8
22.Qh6+ Kf7 23.Qe6+ Kf8 24.Qf5+ Ke7 25.Qe6+ Kf8  1/2-1/2

[Event "Amber Rapidplay"]
[Site "Monaco MNC"]
[Date "2000.03.17"]
[Round "2"]
[White "Nikolic,Pr"]
[Black "Ivanchuk,V"]
[Result "1/2-1/2"]
[WhiteElo "2659"]
[BlackElo "2709"]

1.d4 d5 2.c4 c6 3.Nc3 Nf6 4.Nf3 dxc4 5.a4 Bf5 6.e3 e6 7.Bxc4 Bb4 8.O-O Nbd7
9.Qe2 Bg6 10.Ne1 O-O 11.Nd3 a5 12.Nf4 Qe7 13.Nxg6 hxg6 14.e4 e5 15.dxe5 Nxe5
16.Bb3 Ned7 17.Bc2 Rfe8 18.f3 Rad8 19.Bd2 Nd5 20.Kh1 Qf6 21.Nxd5 cxd5 22.Bxb4 axb4
23.Bb3 Nc5 24.Qc2 Nxb3 25.Qxb3 dxe4 26.fxe4 Qe6 27.Qxb4 Qxe4 28.Qb3 Re6 29.Rad1 Rxd1
30.Qxd1 f6 31.Qb3 g5 32.h3 Kh7 33.Rd1 Kg6  1/2-1/2

[Event "Amber Blindfold"]
[Site "Monaco MNC"]
[Date "2000.03.17"]
[Round "2"]
[White "Ivanchuk,V"]
[Black "Nikolic,Pr"]
[Result "1/2-1/2"]
[WhiteElo "2709"]
[BlackElo "2659"]

1.d4 Nf6 2.c4 e6 3.Nc3 Bb4 4.Qc2 O-O 5.a3 Bxc3+ 6.Qxc3 d6 7.Bg5 Re8 8.Nf3 Qe7
9.e3 e5 10.Be2 Bg4 11.h3 Bh5 12.dxe5 dxe5 13.Nd2 Bxe2 14.Kxe2  1/2-1/2

[Event "Amber Blindfold"]
[Site "Monaco MNC"]
[Date "2000.03.18"]
[Round "3"]
[White "Topalov,V"]
[Black "Nikolic,Pr"]
[Result "1-0"]
[WhiteElo "2702"]
[BlackElo "2659"]

1.d4 Nf6 2.c4 e6 3.Nf3 b6 4.g3 Ba6 5.b3 Bb7 6.Bg2 Bb4+ 7.Bd2 a5 8.O-O O-O
9.Qc2 Na6 10.Nc3 d5 11.Rfd1 Qe7 12.Bg5 h6 13.Bxf6 Qxf6 14.Ne5 Rfd8 15.cxd5 exd5
16.a3 Bf8 17.e4 c6 18.exd5 cxd5 19.Rd3 Qf5 20.Qb2 f6 21.Rf3 Qe6 22.Nd3 Nc7
23.Re3 Qd6 24.Nf4 Re8 25.Bh3 Rxe3 26.fxe3 Re8 27.Kf2 Bc8 28.Bxc8 Rxc8 29.Qb1 Qd7
30.Kg2 f5 31.Qd3 Re8 32.Ra2 Qf7 33.h4 Bd6 34.Rf2 Bxa3 35.h5 Bb4 36.Ng6 Qe6
37.Ne5 Rf8 38.Ne2 Bd6 39.Nf4 Qc8 40.Nfg6 Rf6 41.g4 f4 42.exf4 Ne6 43.f5 Nf8
44.Qb5 Kh7 45.Qxd5 Bb8 46.Nxf8+ Rxf8 47.Qe4 Bxe5 48.dxe5 Kh8 49.e6 Qc5 50.g5 Qe7
51.f6 gxf6 52.gxf6 Rg8+ 53.Kh2 Qc5 54.Qf5 Qc1 55.Qf4 Qg1+ 56.Kh3 Rg5 57.Qf3 Qe1
58.Re2  1-0

[Event "Amber Rapidplay"]
[Site "Monaco MNC"]
[Date "2000.03.19"]
[Round "4"]
[White "Piket,Je"]
[Black "Nikolic,Pr"]
[Result "0-1"]
[WhiteElo "2633"]
[BlackElo "2659"]

1.Nf3 Nf6 2.c4 b6 3.Nc3 Bb7 4.d4 e6 5.Bg5 h6 6.Bh4 Be7 7.e3 O-O 8.Bd3 d5
9.Bxf6 Bxf6 10.cxd5 exd5 11.Rc1 c5 12.O-O Nd7 13.Bb1 Re8 14.dxc5 Nxc5 15.Nd4 g6
16.Re1 Rc8 17.Nce2 Be5 18.b4 Ne4 19.Bxe4 Rxc1 20.Qxc1 dxe4 21.Rd1 Qd6 22.h3 Qxb4
23.Nc6 Bxc6 24.Qxc6 Re7 25.Nd4 Kg7 26.a4 Bxd4 27.exd4 e3 28.fxe3 Qb3 29.Qc1 Qxe3+
30.Qxe3 Rxe3 31.a5 Kf8 32.axb6 axb6 33.Rb1 Re6 34.Kf2 Ke7 35.Kf3 f5 36.g4 fxg4+
37.hxg4 h5 38.g5 Kd7 39.d5 Re5 40.Rxb6 Rxg5 41.Ke4 h4 42.Rb7+ Kd6 43.Rb6+ Kc7
44.Rb3 Rh5 45.Rh3 Kd6 46.Kf4 Rxd5 47.Kg4 g5 48.Ra3 Kc5 49.Ra8 Kd4 50.Re8 Re5
51.Rf8 Ke3 52.Rf3+ Ke2 53.Ra3 Kf2 54.Rb3 Re3 55.Rb2+ Re2 56.Rb5 Re4+ 57.Kxg5 h3
58.Kf5 Re1 59.Rb2+ Kg1  0-1

[Event "Amber Blindfold"]
[Site "Monaco MNC"]
[Date "2000.03.19"]
[Round "4"]
[White "Nikolic,Pr"]
[Black "Piket,Je"]
[Result "0-1"]
[WhiteElo "2659"]
[BlackElo "2633"]

1.d4 d5 2.Nf3 Nf6 3.Bf4 c5 4.dxc5 Nc6 5.Nbd2 Nh5 6.Bg3 Nxg3 7.hxg3 e6 8.e3 Bxc5
9.c4 d4 10.exd4 Nxd4 11.Bd3 Bd7 12.Ne5 Qc7 13.Nxd7 Qxd7 14.Qh5 Bb4 15.O-O-O O-O-O
16.Nb3 g6 17.Qe5 Nxb3+ 18.axb3 Qc7 19.Qxc7+ Kxc7 20.g4 h6 21.Kc2 a5 22.Be2 Rxd1
23.Rxd1 Bc5 24.f4 b6 25.f5 g5 26.Bf3 Bd6 27.Rh1 Kd7 28.Be4 Ke7 29.Rf1 Bc5
30.fxe6 fxe6 31.Bf3 Rf8 32.Rh1 Rf6 33.Kd3 Bd6 34.Re1 Kd7 35.Kd4 Bf8 36.Kd3 Kd6
37.b4 axb4 38.Kc2 Rf4 39.Kb3 Kd7 40.Re4 Rxe4 41.Bxe4 Kd6 42.Bb7 Kc5 43.Kc2 Kd4
44.Kd2 e5 45.b3 e4 46.c5 bxc5 47.Ba6 Bd6 48.Ke2 Bg3 49.Bc4 Ke5 50.Bb5 Kf4
51.Bd7 Bh2 52.Kf2 Bg3+ 53.Ke2 Ke5 54.Bb5 Bf4 55.Kf2 Bc1 56.Bc4 Kf4 57.Be6 Be3+
58.Ke2 Bd4 59.Bd5 c4 60.Bxc4 Kxg4 61.Bd5 Kf4 62.Bf7 Kg3 63.Kf1 e3 64.Bd5 h5
65.Bc6 h4 66.Bd5 g4 67.Bc6 Bc5 68.Bd5 Kh2 69.Bc6 Bd4 70.Bd5 g3 71.Bc6 h3
72.gxh3 Kxh3  0-1

[Event "Amber Rapidplay"]
[Site "Monaco MNC"]
[Date "2000.03.21"]
[Round "5"]
[White "Nikolic,Pr"]
[Black "Kramnik,V"]
[Result "0-1"]
[WhiteElo "2659"]
[BlackElo "2758"]

1.d4 Nf6 2.c4 e6 3.Nf3 d5 4.Nc3 c6 5.Qb3 dxc4 6.Qxc4 b5 7.Qd3 Nbd7 8.e4 b4
9.Na4 Qa5 10.b3 c5 11.e5 Nd5 12.Be2 cxd4 13.Qxd4 Ba6 14.Bd2 Be7 15.a3 Bxe2
16.Kxe2 Qb5+ 17.Qc4 Qb8 18.Qc6 bxa3 19.Rhc1 a5 20.Kf1 Qa7 21.Nd4 O-O 22.Nb5 Qa6
23.Qxa6 Rxa6 24.f4 Bb4 25.Rc2 Rb8 26.Nxa3 Bxd2 27.Rxd2 Rxb3 28.g3 Rc6 29.Nc2 Rxc2  0-1

[Event "Amber Blindfold"]
[Site "Monaco MNC"]
[Date "2000.03.21"]
[Round "5"]
[White "Kramnik,V"]
[Black "Nikolic,Pr"]
[Result "1/2-1/2"]
[WhiteElo "2758"]
[BlackElo "2659"]

1.Nf3 Nf6 2.d4 e6 3.c4 b6 4.Nc3 Bb7 5.a3 d5 6.cxd5 exd5 7.Bg5 Be7 8.Qa4+ c6
9.e3 O-O 10.Bd3 c5 11.Rd1 c4 12.Bb1 a6 13.Ne5 b5 14.Qc2 Ne4 15.Bxe7 Qxe7
16.f3 Nf6 17.e4 dxe4 18.fxe4 Nbd7 19.Nxd7 Nxd7 20.O-O g6 21.Qf2 Rae8 22.Qg3 Nf6
23.Rfe1 Nh5 24.Qf2 Qg5 25.Kh1 Re7 26.Rf1 f6 27.d5 Qe5 28.Qb6 Rd7 29.a4 bxa4
30.Nxa4 Qd6 31.Ba2 Rc8 32.g4 Ng3+ 33.hxg3 Qxg3 34.Qg1 Qh3+ 35.Qh2 Qxg4 36.Nb6 Qxe4+
37.Qg2 Qh4+ 38.Kg1 Re7 39.Nxc8 Re4 40.Nd6 Rg4 41.Nxb7 Rxg2+ 42.Kxg2 Qg4+
43.Kf2 Qf4+ 44.Ke2 Qe5+  1/2-1/2

[Event "Amber Blindfold"]
[Site "Monaco MNC"]
[Date "2000.03.22"]
[Round "6"]
[White "Shirov,A"]
[Black "Nikolic,Pr"]
[Result "1-0"]
[WhiteElo "2751"]
[BlackElo "2659"]

1.e4 d6 2.d4 Nf6 3.Nc3 g6 4.Nf3 Bg7 5.Be2 O-O 6.O-O c6 7.h3 Qc7 8.Bf4 Nbd7
9.e5 dxe5 10.Nxe5 Nxe5 11.Bxe5 Qb6 12.Na4 Qd8 13.Bf3 Nd5 14.Re1 Nb6 15.Nc5 Bxe5
16.dxe5 a5 17.e6 Bxe6 18.Nxe6 Qxd1 19.Raxd1 fxe6 20.Rxe6 Kf7 21.Rde1 Rfe8
22.R6e3 Nc4 23.Rc3 Nd6 24.Bg4 Nf5 25.a4 Kf6 26.Rc5 e5 27.Rd1 Nd4 28.c3 Nb3
29.Rd6+ Kg5 30.Rc4 Rad8 31.h4+ Kh6 32.Rxd8 Rxd8 33.Re4 Rd5 34.Be6 Rd1+ 35.Kh2 Nd2
36.Rxe5 Nf1+ 37.Kh3 Rd2 38.Bg8 Kg7 39.Bc4 Rxf2 40.Bxf1 Rxf1 41.Rxa5 Rb1 42.b4 Rc1
43.Ra7 Rxc3+ 44.g3 Kf6 45.Rxb7 h5 46.a5 g5 47.hxg5+ Kxg5 48.Rg7+ Kf5 49.a6 Ra3
50.Ra7 Ra4 51.Ra8 Kg6 52.a7 Kg7 53.Kg2 Ra3 54.Kf2  1-0

[Event "Amber Rapidplay"]
[Site "Monaco MNC"]
[Date "2000.03.22"]
[Round "6"]
[White "Nikolic,Pr"]
[Black "Shirov,A"]
[Result "1/2-1/2"]
[WhiteElo "2659"]
[BlackElo "2751"]

1.d4 d5 2.c4 c6 3.Nc3 Nf6 4.cxd5 cxd5 5.Bf4 Nc6 6.e3 a6 7.Bd3 Bg4 8.Nge2 e6
9.Qb3 Na5 10.Qa4+ Nd7 11.Rc1 b5 12.Bxb5 axb5 13.Nxb5 Nc4 14.Nc7+ Qxc7 15.Qxa8+ Qd8
16.Qb7 Qa5+ 17.Nc3 Qb6 18.Qa8+ Qd8 19.Qb7 Qb6 20.Qc8+ Qd8 21.Qb7  1/2-1/2

[Event "Amber Rapidplay"]
[Site "Monaco MNC"]
[Date "2000.03.23"]
[Round "7"]
[White "Karpov,An"]
[Black "Nikolic,Pr"]
[Result "1/2-1/2"]
[WhiteElo "2696"]
[BlackElo "2659"]

1.d4 d5 2.c4 c6 3.Nf3 Nf6 4.e3 Bf5 5.Nc3 e6 6.Nh4 Bg4 7.Qb3 Qc7 8.h3 Bh5
9.Bd2 Be7 10.g4 Nfd7 11.Ng2 Bg6 12.Nf4 Nb6 13.c5 N6d7 14.h4 e5 15.h5 Be4
16.Nxe4 dxe4 17.Ne2 Nf6 18.g5 Nd5 19.Ng3 Bxg5 20.Nxe4 Bh6 21.dxe5 O-O 22.f4 Nd7
23.O-O-O b6 24.Qc2 Rab8 25.Bd3 Kh8 26.Kb1 a5 27.Rh2 a4 28.a3 Qa7 29.Nd6 Nxc5
30.Bxh7 b5 31.Bb4 Na6 32.Nxb5 cxb5 33.Bxf8 Nxe3 34.Qf2 Rxf8 35.Rh3 Kxh7 36.Rxe3 Rc8
37.Re2 Qb7 38.Qe3 Nc5 39.Rc2 Ne6 40.Qd3+ Kg8 41.Rxc8+ Qxc8 42.f5 Nf8 43.Re1 Qc5
44.e6 fxe6 45.fxe6 Bg5 46.Qe4 Be7 47.Qe5 Qf2 48.Ka2 Nh7 49.Qb8+ Nf8 50.Qe5 Nh7
51.Rc1 Qb6 52.Qf5 Qd6 53.Qxb5 Nf8 54.Re1 Qd4 55.Re2 Qg4 56.Re1 Qd4 57.Ka1 Qh4
58.Qe2 Nh7 59.Qe4 Qxh5 60.Qxa4 Nf8 61.Qf4 Bf6 62.Qb4 Ng6 63.Qb8+ Kh7 64.Qb7 Qc5
65.Rh1+ Nh4 66.Qb4 Qg5 67.Qe4+ Kg8 68.Qc4 Kh7 69.a4 Kh6 70.Ka2 g6 71.Qe4 Kg7
72.Rh2 Nf5 73.Rg2 Qh5 74.Qd3 Ne7 75.Qc4 Qf3 76.Re2 Qf5 77.Qe4 Qa5 78.Rg2 Qc5
79.Rg3 Qd6 80.Rd3 Qc5 81.Rb3 Qd6 82.Rb5 Nf5 83.a5 Ne7 84.Qc4 g5 85.Rb3 Kh6
86.Rh3+ Kg7 87.Qe4 Ng6 88.Ra3 Ne5 89.Qb7+ Be7 90.Qb3 Nc6 91.Ra4 Nb4+ 92.Ka1 Qf4
93.Qd1 Qc4 94.Kb1 Qe4+ 95.Kc1 g4 96.b3 g3 97.a6 g2 98.Kb2 Qe5+ 99.Ka3 Nxa6+
100.Ka2 Nb4+ 101.Rxb4 Bxb4 102.Qg4+ Kf6 103.Qxg2 Qa5+ 104.Kb1 Bc3 105.Qf3+ Kxe6
106.Kc2 Be5 107.Qg4+ Kd6 108.Qg6+ Kc5 109.Qg1+ Kb5 110.Qf1+ Kb6 111.Qf2+ Qc5+  1/2-1/2